000 00668nam a2200289Ia 4500
005 20260324140508.0
008 008 260324s9999 xx 000 0 eng d
020 _a9780203727980
037 _aEBOOK
040 _aCRL
040 _beng
040 _cCRL
041 _2eng
041 _aeng
084 _qCRL
100 _aRobert S. Wallerstein
_91192200
245 0 _aLay Analysis
245 0 _bLife Inside the Controversy
260 _bTaylor and Francis
260 _c1998
365 _a
365 _b51.99
856 _uhttp://www.taylorfrancis.com/books/9780203727980
942 _cEBOOK
999 _c1806761
_d1806761